Online Catalogue and eLibrary

No place in the inn : (Record no. 252)

MARC details
000 -LEADER
fixed length control field 00371nam a22001337a 4500
005 - DATE AND TIME OF LATEST TRANSACTION
control field 20240201002120.0
008 - FIXED-LENGTH DATA ELEMENTS--GENERAL INFORMATION
fixed length control field 240201b |||||||| |||| 00| 0 eng d
082 ## - DDC Classification
DDC Edition Number 22
Class No. 305.8
245 ## - TITLE STATEMENT
Title No place in the inn :
Remainder of title Voices of minority peoples in Asia /
Statement of responsibility, etc. CCA-URM Office.
260 ## - PUBLICATION, DISTRIBUTION, ETC.
Place of publication, distribution, etc. Japan ,
Name of publisher, distributor, etc. CCA-URM Office..
Date of publication, distribution, etc. 1979.
300 ## - PHYSICAL DESCRIPTION
Extent (e.g. Volumes, Pages etc.) ii , 130 p.,
650 ## - SUBJECT ADDED ENTRY--TOPICAL TERM
Topical term or geographic name entry element ethnic
942 ## - Koha item type (Biblio)
Koha item type Books in Stacks (Lending)
Holdings
Lost status Damaged status Collection code Home library Current library Date acquired Full call number Accession Number Item type
    Lending WERC Library WERC Library 02/01/2024 305.8 26 Books in Stacks (Lending)

© WERC Library